000 01269nam a2200229Ia 4500
001 L266-21396
003 IT-CnALBA
008 170116s9999||||xx |||||||||||||| ||und||
040 _aIT-CnALBA
_cIT-CnALBA
041 _aITALIANO
100 _aSTANISLAO D'ALA, PADRE MINORE RIFORM.
245 0 _aLE MISSIONI FRANCESCANE IN TERRASANTA E L'ILLUSTRAZIONE DEI SANTUARI DELLA PALESTINA.
250 _a1a ed.
260 _aTORINO
_bSALESIANA EDITRICE TIP. E LIBR.
_c1895 [1° Ed.:1895 - Ed.Ling.Originale: 1895]
300 _a336 p.
500 _aOPERA DEDICATA AL P. BORGIALLI FULGENZIO. PREFAZIONE. INIZIO MISSIONI IN TERRASANTA. STATO ATTUALE. IL CONVENTO DEL S. SALVATORE E GERUSALEMME. CONVENTO E BASILICA DEL SANTO SEPOLCRO. CAPPELLA DELL'ADDOLORATA E SANTUARIO DELLA FLAGELLAZIONE. LA VIA CRUCIS
501 _aSocietà San Paolo EM - Piazza San Paolo, 14 - 12051 ALBA (CN) (non commercial uses only) ® Copyright 2017
520 _aOPERA DEDICATA AL P. BORGIALLI FULGENZIO. PREFAZIONE. INIZIO MISSIONI IN TERRASANTA. STATO ATTUALE. IL CONVENTO DEL S. SALVATORE E GERUSALEMME. CONVENTO E BASILICA DEL SANTO SEPOLCRO. CAPPELLA DELL'ADDOLORATA E SANTUARIO DELLA FLAGELLAZIONE. LA VIA CRUCIS
650 _aMISSIONOLOGIA
942 _cBK
957 _71
999 _a26136
_bSI
_g Copie: 1
_c280499
_d280499